| 000 | 00360nam a22001457a 4500 | ||
|---|---|---|---|
| 003 | OSt | ||
| 020 | _aNA | ||
| 040 |
_c0 _d0 |
||
| 082 |
_222 _a0 |
||
| 100 | _aVazirani V.N. & Ratwani M.M. | ||
| 245 | _aConcrete structures for engineering students / | ||
| 260 |
_aNew Delhi, _bKhanna publishers, _cc1980. |
||
| 300 |
_a1187 p. ; _bill. ; |
||
| 942 |
_2ddc _cCIVIL _01 |
||
| 999 |
_c5206 _d5206 |
||